Ekonomická a vnitropolitická situace Ruska a jeho zahraniční politika
Súčasná ruská ekonomika. Proces ekonomickej transformácie. Štyri hlavné smery vývoja ekonomickej stabilizácie krajiny. Vnútropolitická situácia v Rusku a jej vplyv na transformačný proces. Rusko a ostatné krajiny Spoločenstva nezávislých štátov. Súčasná ruská zahraničná politika. Vývoj v Rusku a čes...
Guardado en:
| Autor principal: | |
|---|---|
| Formato: | Capítulo de libro |
| Lenguaje: | checo |
| Materias: | |
| Etiquetas: |
Sin Etiquetas, Sea el primero en etiquetar este registro!
|
MARC
| LEADER | 00000naa a2200000 4500 | ||
|---|---|---|---|
| 001 | r017135 | ||
| 005 | 20221205102245.3 | ||
| 041 | 0 | |a cze | |
| 044 | |a CZ | ||
| 245 | 1 | 0 | |a Ekonomická a vnitropolitická situace Ruska a jeho zahraniční politika |c Václav Kotyk |
| 520 | |a Súčasná ruská ekonomika. Proces ekonomickej transformácie. Štyri hlavné smery vývoja ekonomickej stabilizácie krajiny. Vnútropolitická situácia v Rusku a jej vplyv na transformačný proces. Rusko a ostatné krajiny Spoločenstva nezávislých štátov. Súčasná ruská zahraničná politika. Vývoj v Rusku a česká zahraničná politika. | ||
| 610 | 2 | 0 | |a transformácia |
| 610 | 2 | 0 | |a politika vnútorná |
| 610 | 2 | 0 | |a politika zahraničná |
| 610 | 2 | 0 | |a vývoj hospodársky |
| 610 | 2 | 0 | |a stabilizácia hospodárstva |
| 610 | 2 | 0 | |a Rusko |
| 610 | 2 | 0 | |a Spoločenstvo nezávislých štátov |
| 610 | 2 | 0 | |a Česko |
| 100 | 1 | |a Kotyk, Václav | |